Palabra y objeto /
محفوظ في:
| المؤلف الرئيسي: | |
|---|---|
| مؤلفون آخرون: | |
| التنسيق: | كتاب |
| اللغة: | الإسبانية |
| منشور في: |
Barcelona, España :
Labor,
1986, c1986
|
| سلاسل: | (Biblioteca Universitaria Labor ;
3) |
| الموضوعات: | |
| الوسوم: |
لا توجد وسوم, كن أول من يضع وسما على هذه التسجيلة!
|
MARC
| LEADER | 00000nam^a2200000^a^4500 | ||
|---|---|---|---|
| 001 | 000181880 | ||
| 005 | 20250521000000.0 | ||
| 009 | 20260310101946.927 | ||
| 037 | |a Acervo ITESO - Biblioteca | ||
| 041 | |a ESP | ||
| 082 | |a 149. 94 |b QUI | ||
| 100 | |a Quine, W.V. |e (autor) | ||
| 240 | 1 | 1 | |a [Palabra y objeto] |
| 245 | 1 | 0 | |a Palabra y objeto / |c W.V. Quine ; tr. por M. Sacristán. |
| 264 | 4 | |a Barcelona, España : |b Labor, |c 1986, c1986 | |
| 300 | |a 298 p. | ||
| 336 | |a texto |b txt |2 rdacontenido | ||
| 337 | |a sin mediación |b n |2 rdamedio | ||
| 338 | |a volumen |b nc |2 rdasoporte | ||
| 440 | 1 | |a (Biblioteca Universitaria Labor ; |v 3) | |
| 500 | |a Traducción de: Word and Object | ||
| 649 | |a XX | ||
| 650 | |a Palabra | ||
| 650 | |a Significado - |x Tema Principal | ||
| 650 | |a Traducción e Interpretación - |x Tema Principal | ||
| 650 | |a Semiótica | ||
| 650 | |a Verdad | ||
| 650 | |a Lenguaje y Pensamiento | ||
| 650 | |a Lenguaje y Lenguas | ||
| 650 | |a Lógica Matemática | ||
| 650 | |a Filosofía Analítica | ||
| 650 | |a Filosofía del Lenguaje - |x Tema Principal | ||
| 650 | |a Filosofía del Siglo XX | ||
| 700 | |a Sacristán, Manuel |e (traducción) | ||
| 910 | |a Fondo Armando Suárez Gómez | ||
| 920 | |a Impresos - Libros | ||
| 930 | |a Fondos Especiales | ||
| 905 | |a 111 | ||
| 901 | |a 0700001068 |b IT2 |c ESP |u 20250521 | ||
| 902 | |a https://opac.biblio.iteso.mx/vufind/Record/000181880 | ||